书目信息 |
| 题名: |
素质教育在美国
|
|
| 作者: | 黄全愈 著 | |
| 分册: | 6 | |
| 出版信息: | 武汉 长江文艺出版社 2017 |
|
| 页数: | 17,341页 | |
| 开本: | 23cm | |
| 丛书名: | 大教育书系 | |
| 单 册: | ||
| 中图分类: | G639.712 , G40-012 | |
| 科图分类: | ||
| 主题词: | 高中--中学教育--研究--美国 , 教育学 | |
| 电子资源: | ||
| ISBN: | 978-7-5354-9635-5 | |
| 000 | 01251oam2 2200289 450 | |
| 001 | 5814 | |
| 005 | 20180530161928.51 | |
| 010 | @a978-7-5354-9635-5@dCNY36.00 | |
| 100 | @a20170802d2017 em y0chiy50 ea | |
| 101 | 0 | @achi |
| 102 | @aCN@b420000 | |
| 105 | @ay z 000yy | |
| 200 | 1 | @a素质教育在美国@Asu zhi jiao yu zai mei guo@9ni ye neng gou shang ha fo@e你也能够上哈佛@h6@f(美)黄全愈著 |
| 210 | @a武汉@c长江文艺出版社@d2017 | |
| 215 | @a17,341页@d23cm | |
| 225 | 1 | @a大教育书系@i素质教育在美国@v6 |
| 330 | @a本书是一本全面细致地介绍美国高考、大学招生、留学名校的策略指导书。作者从对比中美两国的高考制度和招生制度入手,全面地分析了美国高校的招生理念和运作模式,详细地介绍从初中提前预考到被大学录取的整个过程中,考生如何应对每一个环节所面临的挑战,包括如何准备入学考试,如何选择适合自己的名校,如何通过考分之外的因素获得招生老师的加分,如何包装申请材料从而最终获得一流大学的认可。 | |
| 461 | 0 | @12001 @a大教育书系 |
| 462 | 0 | @12001 @a素质教育在美国 |
| 517 | 1 | @a你也能够上哈佛@Ani ye neng gou shang ha fo |
| 606 | 0 | @a高中@x中学教育@x研究@y美国 |
| 606 | 0 | @a教育学 |
| 690 | @aG639.712@v5 | |
| 690 | @aG40-012@v4 | |
| 701 | 0 | @c(美)@a黄全愈@9huang quan yu@4著 |
| 801 | 0 | @aCN@b91MARC@c20170802 |
| 905 | @aMuseLib@dG40-012@e847:6 | |
| 素质教育在美国:你也能够上哈佛.6/(美)黄全愈著.-武汉:长江文艺出版社,2017 |
| 17,341页;23cm.-(大教育书系.素质教育在美国;6) |
| ISBN 978-7-5354-9635-5:CNY36.00 |
| 本书是一本全面细致地介绍美国高考、大学招生、留学名校的策略指导书。作者从对比中美两国的高考制度和招生制度入手,全面地分析了美国高校的招生理念和运作模式,详细地介绍从初中提前预考到被大学录取的整个过程中,考生如何应对每一个环节所面临的挑战,包括如何准备入学考试,如何选择适合自己的名校,如何通过考分之外的因素获得招生老师的加分,如何包装申请材料从而最终获得一流大学的认可。 |
| ● |
| 相关链接 |
|
|
|
|
正题名:素质教育在美国
索取号:G40-012/847:6
 
预约/预借
| 序号 | 登录号 | 条形码 | 馆藏地/架位号 | 状态 | 备注 |
| 1 | 1115086 | 211150868 | 第一样本阅览室/ [索取号:G40-012/847:6] | 在馆 | |
| 2 | 1115087 | 211150877 | 教育系资料室/ [索取号:G40-012/847:6] | 在馆 | |
| 3 | 1115088 | 211150886 | 教育系资料室/ [索取号:G40-012/847:6] | 在馆 | |
| 4 | 1115089 | 211150895 | 教育系资料室/ [索取号:G40-012/847:6] | 在馆 | |
| 5 | 1115090 | 211150902 | 第四借阅区/ [索取号:G40-012/847:6] | 在馆 | |
| 6 | 1115091 | 211150911 | 第四借阅区/ [索取号:G40-012/847:6] | 在馆 |